LEADER 03028nam 22006735 450 001 9910364954803321 005 20251113182748.0 010 $a3-030-37078-X 024 7 $a10.1007/978-3-030-37078-7 035 $a(CKB)4100000010013762 035 $a(MiAaPQ)EBC5989350 035 $a(DE-He213)978-3-030-37078-7 035 $a(PPN)242818552 035 $a(EXLCZ)994100000010013762 100 $a20191204d2019 u| 0 101 0 $aeng 135 $aurcnu|||||||| 181 $ctxt$2rdacontent 182 $cc$2rdamedia 183 $acr$2rdacarrier 200 10$aBrain Informatics $e12th International Conference, BI 2019, Haikou, China, December 13?15, 2019, Proceedings /$fedited by Peipeng Liang, Vinod Goel, Chunlei Shan 205 $a1st ed. 2019. 210 1$aCham :$cSpringer International Publishing :$cImprint: Springer,$d2019. 215 $a1 online resource (280 pages) 225 1 $aLecture Notes in Artificial Intelligence,$x2945-9141 ;$v11976 300 $aIncludes index. 311 08$a3-030-37077-1 330 $aThis book constitutes the refereed proceedings of the 12th International Conference on Brain Informatics, BI 2019, held in Haikou, China, in December 2019. The 26 revised full papers were carefully reviewed and selected from 36 submissions. The papers are organized in the following topical sections: cognitive and computational foundations of brain science; human information processing systems; brain big data analysis, curation and management; informatics paradigms for brain and mental health research; and brain-machine intelligence and brain-inspired computing. Also included is a special session on computational social analysis for mental health. 410 0$aLecture Notes in Artificial Intelligence,$x2945-9141 ;$v11976 606 $aArtificial intelligence 606 $aData mining 606 $aComputer science 606 $aImage processing$xDigital techniques 606 $aComputer vision 606 $aArtificial Intelligence 606 $aData Mining and Knowledge Discovery 606 $aModels of Computation 606 $aComputer Imaging, Vision, Pattern Recognition and Graphics 615 0$aArtificial intelligence. 615 0$aData mining. 615 0$aComputer science. 615 0$aImage processing$xDigital techniques. 615 0$aComputer vision. 615 14$aArtificial Intelligence. 615 24$aData Mining and Knowledge Discovery. 615 24$aModels of Computation. 615 24$aComputer Imaging, Vision, Pattern Recognition and Graphics. 676 $a006.32 676 $a006.32 702 $aLiang$b Peipeng$4edt$4http://id.loc.gov/vocabulary/relators/edt 702 $aGoel$b Vinod$4edt$4http://id.loc.gov/vocabulary/relators/edt 702 $aShan$b Chunlei$4edt$4http://id.loc.gov/vocabulary/relators/edt 801 0$bMiAaPQ 801 1$bMiAaPQ 801 2$bMiAaPQ 906 $aBOOK 912 $a9910364954803321 996 $aBrain Informatics$9773781 997 $aUNINA